Le temple d'Amada /

محفوظ في:

مؤلف مشترك: Markaz Tasjil al-Athar al-Misriyah.

مؤلفون آخرون: El-Achirie, H., Barguet, Paul., Dewachter, Michel., Yūsuf, Aḥmad ʻAbd al-Ḥamīd., Aly, M., Abdel-Hamid, Fouad., Černý, Jaroslav, 1898-1970.

التنسيق: كتاب

اللغة: French

منشور في: Le Caire : Centre de documentation et d'études sur l'ancienne Égypte, 1967-

سلاسل: Collection scientifique (Markaz Tasjīl al-Āthār al-Miṣrīyah).

الموضوعات:

الوسوم: إضافة وسم

لا توجد وسوم, كن أول من يضع وسما على هذه التسجيلة!

رقم الطلب: NA216 .A55 M3 v.1-5

LEADER 01409nam a2200301Ia 4500
003 OSt
005 20250903064440.0
008 211223m19679999ua a 000 0 fre
040 |c ARCE Library 
050 4 |a NA216 .A55 M3 v.1-5 
110 1 |a Markaz Tasjil al-Athar al-Misriyah. 
245 1 0 |a Le temple d'Amada /   |c [par] H. el Achiery, P. Barguet, et M. Dewachter. 
264 1 |a Le Caire :   |b Centre de documentation et d'études sur l'ancienne Égypte,   |c 1967-  
300 |a 5 volumes :   |b illustrations ;   |c 29 cm. 
490 0 |a Collection scientifique (Markaz Tasjīl al-Āthār al-Miṣrīyah). 
505 0 |a cahier 1. Architecture / H. el Achiery, P. Barguet et M. Dewachter -- cahier 2. Description archéologique. Planches / P. Barguet et M. Dewachter -- cahier 3. Textes / P. Barguet, A. Abdel Hamid Youssef et M. Dewachter -- cahier 4. Dessins, index, tables de concordances / Mohamed Aly, Fouad Abdel-Hamid et M. Dewachter -- cahier 5. Les inscriptions historiques / J. C̆erný. 
546 |a Introductions in French and Arabic. 
651 0 |a Amada (Temple : Egypt) 
700 1 |a El-Achirie, H.   |q (Hassan) 
700 1 |a Barguet, Paul. 
700 1 |a Dewachter, Michel. 
700 1 |a Yūsuf, Aḥmad ʻAbd al-Ḥamīd. 
700 1 |a Aly, M.   |q (Mohamed). 
700 1 |a Abdel-Hamid, Fouad. 
700 1 |a Černý, Jaroslav,   |d 1898-1970. 
901 |a reviewed 
942 |2 lcc  |c BK 
999 |c 41135  |d 41135